000 00332pam a2200121 a 4500
020 _a81-85617-24-4
_c
041 _h
082 _a658.562
_bJAC/ASH
100 _aJACKSON P.,ASHTON D.,
245 _aIMPLEMENTING QUALITY THROUGH BS5750 (ISO 9000)
_hTextual Documents
260 _aNEW DELHI
_bVIVA BOOKS PVT LTD
_c1993
930 _a6222
999 _c125693
_d125693